[Event "Lisbon Portugal rapid op"]
[Site "Lisbon"]
[Date "2022.09.03"]
[Round "4"]
[White "Matias, Luis Miguel Rodrigu"]
[Black "Galvao, Henrique Mario Chav"]
[Result "0-1"]
[WhiteElo "1785"]
[BlackElo "2099"]
[PlyCount "72"]
[EventDate "2022.09.03"]
[EventType "swiss (rapid)"]
[EventRounds "11"]
[EventCountry "POR"]
[SourceTitle "CBM 210 Extra"]
[Source "ChessBase"]
[SourceDate "2022.11.30"]
[SourceVersion "1"]
[SourceVersionDate "2022.11.30"]
[SourceQuality "1"]

1. c4 Nf6 2. g3 e6 3. Bg2 d5 4. cxd5 exd5 5. d4 Be7 6. Nc3 0-0 7. Nf3 c6 8. 0-0 Re8 9. Bg5 Nbd7 10. Re1 Ne4 11. Bxe7 Qxe7 12. Qb3 Kh8 13. a4 Ndf6 14. Ne5 Ng4 15. Nxe4 Nxe5 16. dxe5 dxe4 17. Bxe4 Qxe5 18. Bg2 Qe7 19. a5 Be6 20. Qc3 Rac8 21. e4 f6 22. Red1 c5 23. Rd2 c4 24. Rad1 Qc5 25. h4 b5 26. axb6 axb6 27. h5 h6 28. Rd6 b5 29. Qa5 b4 30. Qxc5 Rxc5 31. f4 c3 32. f5 Bf7 33. bxc3 bxc3 34. Bf3 c2 35. Rc1 Rb8 36. Rd2 Rb1 0-1

[Event "POR-chT"]
[Site "Maia"]
[Date "2018.07.22"]
[Round "9.1"]
[White "Galvao, Henrique Mario Chav"]
[Black "Neves, Pedro Alexandre Mai"]
[Result "1/2-1/2"]
[WhiteElo "2161"]
[BlackElo "2236"]
[PlyCount "109"]
[EventDate "2018.07.16"]
[EventType "team-tourn"]
[EventRounds "9"]
[EventCountry "POR"]
[SourceTitle "CBM 185 Extra"]
[Source "ChessBase"]
[SourceDate "2018.07.29"]
[SourceVersion "1"]
[SourceVersionDate "2018.07.29"]
[SourceQuality "1"]
[WhiteTeam "Mata de Benfica"]
[BlackTeam "Montemor o Velho"]
[WhiteTeamCountry "POR"]
[BlackTeamCountry "POR"]

1. e4 c5 2. d4 cxd4 3. Nf3 Nc6 4. Nxd4 e6 5. c4 Qc7 6. Nc3 a6 7. Be2 Nf6 8. 0-0 h5 9. Nxc6 dxc6 10. h3 e5 11. Be3 Be6 12. Qd3 Rd8 13. Qc2 Rg8 14. Rfd1 Rxd1+ 15. Rxd1 g5 16. Na4 Be7 17. Bb6 Qc8 18. Bc5 g4 19. Bxe7 Kxe7 20. Qd3 Rd8 21. Qxd8+ Qxd8 22. Rxd8 Kxd8 23. hxg4 hxg4 24. Nc5 Kc7 25. Kh2 Bc8 26. Nd3 Nxe4 27. Nxe5 f6 28. Nxg4 Bxg4 29. Bxg4 Nxf2 30. Kg3 Nd3 31. b3 Nc1 32. Kf4 Kd8 33. Be6 b6 34. Kf5 Ke7 35. b4 Nxa2 36. c5 Nxb4 37. cxb6 c5 38. Bc4 a5 39. Bb5 Kd6 40. b7 Kc7 41. Kxf6 Kxb7 42. g4 Kc7 43. Bc4 Kd6 44. g5 Nc6 45. g6 Ne7 46. g7 a4 47. Ba2 Kd7 48. Be6+ Kd6 49. Bc4 Kd7 50. Bb5+ Kd6 51. Bxa4 c4 52. Bc2 Ng8+ 53. Kf7 Nh6+ 54. Kg6 Ng8 55. Bb3 1/2-1/2

[Event "POR-chT"]
[Site "Maia"]
[Date "2018.07.19"]
[Round "5.1"]
[White "Galvao, Henrique Mario Chav"]
[Black "Santos Latasa, Jaime"]
[Result "0-1"]
[WhiteElo "2161"]
[BlackElo "2576"]
[PlyCount "52"]
[EventDate "2018.07.16"]
[EventType "team-tourn"]
[EventRounds "9"]
[EventCountry "POR"]
[SourceTitle "CBM 185 Extra"]
[Source "ChessBase"]
[SourceDate "2018.07.29"]
[SourceVersion "1"]
[SourceVersionDate "2018.07.29"]
[SourceQuality "1"]
[WhiteTeam "Mata de Benfica"]
[BlackTeam "O Amanha da Crianca"]
[WhiteTeamCountry "POR"]
[BlackTeamCountry "POR"]

1. e4 e6 2. d4 d5 3. c4 dxe4 4. Nc3 Nf6 5. Be3 Be7 6. Qc2 0-0 7. 0-0-0 c5 8. d5 exd5 9. cxd5 Bd6 10. h3 Na6 11. a3 Bd7 12. g4 Nb4 13. Qd2 Nd3+ 14. Bxd3 exd3 15. Qxd3 b5 16. g5 Nh5 17. Nxb5 c4 18. Qe2 Bxb5 19. Qxh5 c3 20. Ne2 cxb2+ 21. Kb1 Qa5 22. Bd4 Qxa3 23. Bxb2 Bd3+ 24. Rxd3 Qxd3+ 25. Ka1 Rab8 26. Nc3 Ba3 0-1

[Event "POR-chT"]
[Site "Maia"]
[Date "2018.07.17"]
[Round "3.1"]
[White "Galvao, Henrique Mario Chav"]
[Black "Sousa, Andre Ventura"]
[Result "0-1"]
[WhiteElo "2161"]
[BlackElo "2373"]
[PlyCount "78"]
[EventDate "2018.07.16"]
[EventType "team-tourn"]
[EventRounds "9"]
[EventCountry "POR"]
[SourceTitle "CBM 185 Extra"]
[Source "ChessBase"]
[SourceDate "2018.07.29"]
[SourceVersion "1"]
[SourceVersionDate "2018.07.29"]
[SourceQuality "1"]
[WhiteTeam "Mata de Benfica"]
[BlackTeam "Gaia"]
[WhiteTeamCountry "POR"]
[BlackTeamCountry "POR"]

1. e4 e5 2. Nf3 Nc6 3. Bb5 a6 4. Ba4 Nf6 5. 0-0 Bc5 6. c3 b5 7. Bb3 d6 8. d4 Bb6 9. h3 0-0 10. Re1 Bb7 11. a4 h6 12. axb5 axb5 13. Rxa8 Qxa8 14. Na3 exd4 15. Nxb5 dxc3 16. Nxc3 Nb4 17. Be3 Qa6 18. Bxb6 Qxb6 19. e5 Bxf3 20. Qxf3 dxe5 21. Rxe5 Nc6 22. Rb5 Nd4 23. Qe3 Nxb5 24. Qxb6 cxb6 25. Nxb5 Rd8 26. Bc4 Rd1+ 27. Kh2 Ne4 28. f3 Nd6 29. Nxd6 Rxd6 30. Kg3 Rd2 31. b3 Kf8 32. f4 Ke7 33. Kf3 f6 34. h4 Kd6 35. g4 Rd4 36. Ke3 Kc5 37. Bg8 g5 38. fxg5 fxg5 39. hxg5 Rxg4 0-1

[Event "POR-chT"]
[Site "Porto"]
[Date "2015.08.22"]
[Round "9.2"]
[White "Strikovic, Aleksa"]
[Black "Galvao, Henrique Mario Chav"]
[Result "1-0"]
[WhiteElo "2509"]
[BlackElo "2201"]
[PlyCount "104"]
[EventDate "2015.08.16"]
[EventType "team-tourn"]
[EventRounds "9"]
[EventCountry "POR"]
[SourceTitle "EXT 2016"]
[Source "ChessBase"]
[SourceDate "2015.10.08"]
[SourceVersion "1"]
[SourceVersionDate "2015.10.08"]
[SourceQuality "1"]
[WhiteTeam "Gaia"]
[BlackTeam "Mata de Benfica"]
[WhiteTeamCountry "POR"]
[BlackTeamCountry "POR"]

1. c4 c5 2. Nf3 Nf6 3. Nc3 d5 4. cxd5 Nxd5 5. e4 Nb4 6. Bc4 Nd3+ 7. Ke2 Nxc1+ 8. Rxc1 Nc6 9. Bb5 Bd7 10. d4 cxd4 11. Nxd4 e5 12. Nxc6 bxc6 13. Ba4 Be7 14. Qd3 Bg4+ 15. f3 Qxd3+ 16. Kxd3 Bd7 17. Nb1 0-0-0 18. Ke2 Kb7 19. Rc3 Rc8 20. Nd2 Be6 21. Bb3 Bxb3 22. Rxb3+ Ka8 23. Nc4 f6 24. Rc1 Rhd8 25. Na5 c5 26. Rb7 Bf8 27. Rf7 Rd6 28. Nc4 Rd4 29. Ne3 Rb4 30. b3 Rb7 31. Rxb7 Kxb7 32. Rd1 Kc6 33. Rd5 g6 34. g4 Be7 35. Kd3 Rd8 36. Kc4 a6 37. a3 Rxd5 38. exd5+ Kd6 39. Kd3 Kd7 40. Ke4 Bd6 41. h3 Kc7 42. a4 Kd7 43. Nf1 Bc7 44. Ne3 Bd6 45. Nc4 Kc7 46. h4 Kd7 47. h5 Ke7 48. Ne3 Kd7 49. Nf1 Ke7 50. Ng3 Kd7 51. Kd3 Kc7 52. Kc4 Kb6 1-0

[Event "POR-chT"]
[Site "Torres Vedras"]
[Date "2011.07.23"]
[Round "1.5"]
[White "Galvao, Henrique Mario Chav"]
[Black "Ulyanovskyy, Viktor"]
[Result "0-1"]
[WhiteElo "2207"]
[BlackElo "2307"]
[PlyCount "100"]
[EventDate "2011.07.23"]
[EventType "team-swiss"]
[EventRounds "9"]
[EventCountry "POR"]
[SourceTitle "CBM 143 Extra"]
[Source "ChessBase"]
[SourceDate "2011.08.29"]
[SourceVersion "1"]
[SourceVersionDate "2011.08.29"]
[SourceQuality "1"]
[WhiteTeam "Faro"]
[BlackTeam "Barreirense"]
[WhiteTeamCountry "POR"]
[BlackTeamCountry "POR"]

1. e4 c6 2. d4 d5 3. e5 Bf5 4. Nc3 e6 5. g4 Bg6 6. Nge2 h6 7. Be3 Nd7 8. f4 h5 9. Ng3 hxg4 10. Qd2 Nh6 11. h3 Nf5 12. hxg4 Rxh1 13. gxf5 Rxf1+ 14. Kxf1 Bxf5 15. Nxf5 exf5 16. Re1 Qb6 17. Bf2 0-0-0 18. Nd1 Be7 19. Qd3 g6 20. e6 fxe6 21. Rxe6 Bf6 22. c3 Rf8 23. b4 Qb5 24. Qxb5 cxb5 25. Re3 g5 26. fxg5 Bxg5 27. Rf3 Kd8 28. Bg3 Ke7 29. Nf2 Ke6 30. Nd3 b6 31. Be5 Rc8 32. Bf4 Kf6 33. Bxg5+ Kxg5 34. Rg3+ Kh4 35. Rg7 Rxc3 36. Ne1 Nf6 37. Ng2+ Kh5 38. Nf4+ Kh6 39. Rg6+ Kh7 40. Ke2 Ne4 41. Re6 Rc4 42. Kd3 Rxb4 43. Nxd5 Ra4 44. Ne7 Ra3+ 45. Ke2 Rxa2+ 46. Ke3 b4 47. Nxf5 b3 48. Rh6+ Kg8 49. Rh1 b2 50. Rg1+ Kf8 0-1

[Event "SESI Jogos Mundiais do Trabalhador"]
[Site "Fortaleza"]
[Date "2009.06.17"]
[Round "2.3"]
[White "Drori, Dan"]
[Black "Galvao, Henrique Mario Chav"]
[Result "1/2-1/2"]
[WhiteElo "2251"]
[BlackElo "2207"]
[PlyCount "66"]
[EventDate "2009.06.17"]
[EventType "swiss"]
[EventRounds "5"]
[EventCountry "BRA"]
[SourceTitle "EXT 2022"]
[Source "ChessBase"]
[SourceDate "2021.10.06"]
[SourceVersion "1"]
[SourceVersionDate "2021.10.06"]
[SourceQuality "1"]

1. e4 e5 2. Nf3 d5 3. Nxe5 Bd6 4. d4 dxe4 5. Be2 Nf6 6. Nc3 h6 7. 0-0 0-0 8. Bf4 Nbd7 9. Qd2 Qe7 10. Nc4 Bxf4 11. Qxf4 c6 12. Rfe1 Nb6 13. Nxb6 axb6 14. Bc4 Re8 15. Nxe4 Nxe4 16. f3 Be6 17. Bxe6 Qxe6 18. fxe4 Qc4 19. Qd2 Rxa2 20. Rxa2 Qxa2 21. b3 Qa5 22. c3 Qh5 23. c4 Qg4 24. Qd3 Qh4 25. g3 Qh3 26. Qf3 h5 27. Rf1 f6 28. Ra1 h4 29. Qh5 Qd7 30. d5 hxg3 31. hxg3 Qe7 32. Re1 Qc5+ 33. Kg2 Re5 1/2-1/2

[Event "Figueira da Foz op 5th"]
[Site "Figueira da Foz"]
[Date "2008.12.02"]
[Round "4"]
[White "Galvao, Henrique Mario Chav"]
[Black "Goncalves, Alvaro Henriques"]
[Result "1/2-1/2"]
[WhiteElo "2200"]
[BlackElo "1908"]
[PlyCount "42"]
[EventDate "2008.11.30"]
[EventType "swiss"]
[EventRounds "9"]
[EventCountry "POR"]
[SourceTitle "CBM 127 Extra"]
[Source "ChessBase"]
[SourceDate "2009.01.08"]
[SourceVersion "2"]
[SourceVersionDate "2009.01.28"]
[SourceQuality "1"]

1. e4 e6 2. d4 d5 3. c4 c5 4. dxc5 d4 5. b4 a5 6. Bb2 axb4 7. Nf3 Bxc5 8. Bd3 Ne7 9. Nbd2 Nbc6 10. e5 Ng6 11. Qe2 Nf4 12. Qe4 Nxd3+ 13. Qxd3 Qc7 14. 0-0 b6 15. Rfe1 Bb7 16. Ne4 h6 17. Ng3 g5 18. Ne4 0-0-0 19. Nd6+ Bxd6 20. exd6 Rxd6 21. a3 f6 1/2-1/2

[Event "POR-chT 50th"]
[Site "Evora"]
[Date "2008.07.26"]
[Round "1"]
[White "Galvao, Henrique Mario Chav"]
[Black "Francisco, Luis"]
[Result "1-0"]
[WhiteElo "2188"]
[BlackElo "2007"]
[PlyCount "49"]
[EventDate "2008.07.26"]
[EventType "tourn"]
[EventRounds "9"]
[EventCountry "POR"]
[SourceTitle "EXT 2009"]
[Source "ChessBase"]
[SourceDate "2008.11.26"]
[SourceVersion "1"]
[SourceVersionDate "2008.11.26"]
[SourceQuality "1"]

1. e4 c5 2. d4 cxd4 3. Nf3 Nc6 4. Nxd4 Nf6 5. Nc3 e5 6. Ndb5 d6 7. Bg5 a6 8. Na3 b5 9. Bxf6 gxf6 10. Nd5 Bg7 11. Bd3 Be6 12. 0-0 f5 13. Nxb5 axb5 14. Bxb5 Rc8 15. Nb4 Bd7 16. Qxd6 Bf8 17. Qd5 Bxb4 18. Bxc6 f6 19. Bb5 Qe7 20. Qb7 Rd8 21. Rfd1 Bxb5 22. Rxd8+ Kxd8 23. Rd1+ Ke8 24. Qxb5+ Kf7 25. Rd7 1-0

[Event "Figueira da Foz op 4th"]
[Site "Figueira da Foz"]
[Date "2007.11.02"]
[Round "7"]
[White "Galvao, Henrique Mario Chav"]
[Black "Bellon Lopez, Juan Manuel"]
[Result "0-1"]
[WhiteElo "2187"]
[BlackElo "2434"]
[PlyCount "122"]
[EventDate "2007.10.28"]
[EventType "swiss"]
[EventRounds "9"]
[EventCountry "POR"]
[SourceTitle "EXT 2008"]
[Source "ChessBase"]
[SourceDate "2007.11.25"]
[SourceVersion "1"]
[SourceVersionDate "2007.11.25"]
[SourceQuality "1"]

1. e4 c5 2. c3 b6 3. d4 Bb7 4. Bd3 Nf6 5. Nd2 e6 6. Ne2 d6 7. 0-0 Nbd7 8. f4 cxd4 9. Nxd4 a6 10. Qe2 e5 11. Nf5 g6 12. Nc4 gxf5 13. fxe5 dxe5 14. Rxf5 Qc7 15. Bg5 Be7 16. Nxe5 Nxe5 17. Bxf6 Bxf6 18. Rxf6 Rg8 19. Raf1 Rg6 20. R6f5 b5 21. Bxb5+ axb5 22. Qxb5+ Nd7 23. Rxf7 Qb6+ 24. Qxb6 Rxb6 25. Rxh7 Rxb2 26. Rh8+ Ke7 27. Rxa8 Bxa8 28. Rf2 Rb1+ 29. Rf1 Rb5 30. Rf5 Ne5 31. Rf4 Ra5 32. h4 Ng6 33. Rf5 Rxa2 34. h5 Nh4 35. Rg5 Ra4 36. h6 Ra1+ 37. Kh2 Ra6 38. Rh5 Ng6 39. h7 Nh8 40. Kg3 Rg6+ 41. Kf3 Bc6 42. g3 Be8 43. Kf4 Rf6+ 44. Rf5 Rh6 45. Re5+ Kf8 46. Rf5+ Kg7 47. Ra5 Rf6+ 48. Ke3 Kxh7 49. Ra7+ Kg6 50. c4 Nf7 51. Ra8 Re6 52. Kd4 Ng5 53. e5 Nf3+ 54. Kd5 Bf7 55. Kc5 Nxe5 56. Kb5 Be8+ 57. Kb4 Bc6 58. Ra6 Kf5 59. Kc5 Rg6 60. Ra3 Bf3 61. Rc3 Rxg3 0-1

[Event "Figueira da Foz op 4th"]
[Site "Figueira da Foz"]
[Date "2007.10.29"]
[Round "2"]
[White "Dimitrov, Vladimir"]
[Black "Galvao, Henrique Mario Chav"]
[Result "1-0"]
[WhiteElo "2471"]
[BlackElo "2187"]
[PlyCount "63"]
[EventDate "2007.10.28"]
[EventType "swiss"]
[EventRounds "9"]
[EventCountry "POR"]
[SourceTitle "EXT 2008"]
[Source "ChessBase"]
[SourceDate "2007.11.25"]
[SourceVersion "1"]
[SourceVersionDate "2007.11.25"]
[SourceQuality "1"]

1. e4 e5 2. Nf3 d5 3. exd5 e4 4. Qe2 Nf6 5. Nc3 Bc5 6. Nxe4 0-0 7. Nxf6+ Qxf6 8. c3 Bg4 9. d4 Nd7 10. h3 Bh5 11. g4 Rfe8 12. Be3 Bg6 13. Nd2 Bd6 14. Bg2 Rad8 15. h4 Bf4 16. h5 Bc2 17. Rh3 h6 18. Rc1 Bh7 19. Kf1 Qg5 20. Nf3 Bxe3 21. Nxg5 Bxc1 22. Ne4 Bxe4 23. Bxe4 Nf6 24. f3 Nxd5 25. Rh1 Bg5 26. Kf2 Re7 27. Qb5 c6 28. Qa4 Rde8 29. Qxa7 Rxe4 30. fxe4 Rxe4 31. Qxb7 Nf4 32. Qc8+ 1-0

[Event "Calvia op"]
[Site "Calvia"]
[Date "2006.10.16"]
[Round "6.13"]
[White "Rautanen, Sari"]
[Black "Galvao, Henrique Mario Chav"]
[Result "0-1"]
[WhiteElo "1925"]
[BlackElo "2181"]
[PlyCount "54"]
[EventDate "2006.10.11"]
[EventType "swiss"]
[EventRounds "9"]
[EventCountry "ESP"]
[SourceTitle "EXT 2007"]
[Source "ChessBase"]
[SourceDate "2006.11.23"]
[SourceVersion "1"]
[SourceVersionDate "2006.11.23"]
[SourceQuality "1"]

1. Nf3 c5 2. e4 Nc6 3. d3 g6 4. g3 Bg7 5. Bg2 Nf6 6. 0-0 d6 7. Re1 0-0 8. c3 Bg4 9. h3 Bd7 10. Na3 Rb8 11. d4 b5 12. dxc5 b4 13. cxb4 Rxb4 14. e5 Nxe5 15. Nxe5 dxe5 16. Bd2 Rd4 17. Qe2 Bg4 18. hxg4 Rxd2 19. Qf3 e4 20. Qf4 e5 21. Qxe5 Nxg4 22. Qxe4 Nxf2 23. Qb7 Rxb2 24. Qxa7 Qd2 25. Kh2 Qh6+ 26. Kg1 Qh1+ 27. Bxh1 Nh3+ 0-1

[Event "Lemesos op"]
[Site "Lemesos"]
[Date "2000.05.26"]
[Round "7"]
[White "Galvao, Henrique Mario Chav"]
[Black "Riza, Conrad"]
[Result "1/2-1/2"]
[WhiteElo "2189"]
[BlackElo "1980"]
[PlyCount "52"]
[EventDate "2000.05.21"]
[EventType "swiss"]
[EventRounds "7"]
[EventCountry "CYP"]
[SourceTitle "EXT 2003"]
[Source "ChessBase"]
[SourceDate "2002.11.25"]
[SourceVersion "1"]
[SourceVersionDate "2002.11.25"]
[SourceQuality "1"]

1. e4 c5 2. Nf3 Nc6 3. d4 cxd4 4. Nxd4 Nf6 5. Nc3 d6 6. Bc4 Qb6 7. Be3 Qxb2 8. Ndb5 Qb4 9. Bd3 Qa5 10. Bd2 Qd8 11. a4 a6 12. Na3 e6 13. 0-0 Be7 14. f4 d5 15. e5 Nd7 16. Kh1 Nc5 17. Rf3 Nxd3 18. Rxd3 Qc7 19. Ncb1 Bd7 20. c4 d4 21. Nc2 Bc5 22. Be1 g5 23. Bg3 gxf4 24. Bxf4 0-0-0 25. Nd2 Nxe5 26. Qe2 f6 1/2-1/2

[Event "Helsinki CSIT-ch"]
[Site "Helsinki"]
[Date "1999.??.??"]
[Round "2"]
[White "Galvao, Henrique Mario Chav"]
[Black "Penttinen, Jarkko"]
[Result "0-1"]
[WhiteElo "2208"]
[BlackElo "2304"]
[PlyCount "54"]
[EventDate "1999.??.??"]
[EventType "swiss"]
[EventRounds "5"]
[EventCountry "FIN"]
[SourceTitle "EXT 2001"]
[Source "ChessBase"]
[SourceDate "2000.11.22"]
[SourceVersion "1"]
[SourceVersionDate "2000.11.22"]
[SourceQuality "1"]

1. e4 c5 2. c3 Nf6 3. e5 Nd5 4. d4 cxd4 5. Qxd4 e6 6. Nf3 Nc6 7. Qe4 Qc7 8. Be2 b6 9. 0-0 Bb7 10. c4 Nde7 11. Bf4 Nb4 12. Qe3 Nc2 13. Qc3 Nxa1 14. Na3 Nd5 15. Qd2 Nxf4 16. Qxf4 a6 17. Ng5 d6 18. Bh5 g6 19. Qf6 Qe7 20. Bf3 Qxf6 21. exf6 Bxf3 22. Nxf3 d5 23. cxd5 Bxa3 24. bxa3 Nc2 25. dxe6 fxe6 26. Rc1 Rc8 27. Ne1 0-0 0-1

[Event "POR-chT"]
[Site "Lisbon"]
[Date "1998.05.23"]
[Round "8"]
[White "Gaspar, Artur Jorge Rocha"]
[Black "Galvao, Henrique Mario Chav"]
[Result "1/2-1/2"]
[WhiteElo "2225"]
[BlackElo "2210"]
[PlyCount "85"]
[EventDate "1998.??.??"]
[EventType "team-tourn"]
[EventRounds "9"]
[EventCountry "POR"]
[SourceTitle "EXT 1999"]
[Source "ChessBase"]
[SourceDate "1998.11.16"]
[SourceVersion "1"]
[SourceVersionDate "1998.11.16"]
[SourceQuality "1"]

1. c4 e5 2. Nc3 Bb4 3. Nd5 Be7 4. Nf3 c6 5. Nxe7 Qxe7 6. d3 d6 7. g3 f6 8. Bg2 Be6 9. Qa4 Qd7 10. Bd2 Ne7 11. Bb4 c5 12. Qxd7+ Kxd7 13. Ba3 Nbc6 14. b3 a6 15. e3 b5 16. Ke2 b4 17. Bb2 a5 18. d4 Bg4 19. h3 Bxf3+ 20. Bxf3 a4 21. bxa4 Rxa4 22. dxc5 dxc5 23. Rhd1+ Kc7 24. Bxc6 Nxc6 25. Rd5 Rha8 26. Rxc5 Rxa2 27. Rb1 R8a5 28. Rxa5 Nxa5 29. Kd3 Kd6 30. f4 Nc6 31. fxe5+ fxe5 32. g4 Kc5 33. h4 Ra7 34. Rc1 Rd7+ 35. Ke4 Rd2 36. Bxe5 Nxe5 37. Kxe5 b3 38. e4 b2 39. Rb1 Kxc4 40. Ke6 Kc3 41. Kf7 Rd7+ 42. Kf8 Rd4 43. Kxg7 1/2-1/2

[Event "POR-chT"]
[Site "Lisbon"]
[Date "1998.05.02"]
[Round "2"]
[White "Rocha, Sergio MC"]
[Black "Galvao, Henrique Mario Chav"]
[Result "1-0"]
[WhiteElo "2420"]
[BlackElo "2210"]
[PlyCount "81"]
[EventDate "1998.??.??"]
[EventType "team-tourn"]
[EventRounds "9"]
[EventCountry "POR"]
[SourceTitle "EXT 1999"]
[Source "ChessBase"]
[SourceDate "1998.11.16"]
[SourceVersion "1"]
[SourceVersionDate "1998.11.16"]
[SourceQuality "1"]

1. d4 Nf6 2. Nf3 e6 3. c4 Bb4+ 4. Nc3 Ne4 5. Qc2 d5 6. e3 c6 7. Bd3 f5 8. Bd2 Bd6 9. Rf1 0-0 10. 0-0-0 Na6 11. a3 Nxc3 12. Bxc3 dxc4 13. Bxc4 b5 14. Ba2 b4 15. axb4 Bxb4 16. Ne5 Qc7 17. Bc4 Rb8 18. g4 f4 19. Bd3 g6 20. g5 Bd6 21. Ng4 Nb4 22. d5 e5 23. Nf6+ Rxf6 24. Bxb4 Rxb4 25. gxf6 cxd5 26. Kb1 Qxc2+ 27. Bxc2 Ba6 28. Rxd5 Bxf1 29. Rxd6 fxe3 30. fxe3 Bg2 31. Ka2 Bf1 32. Rc6 Rb8 33. Bb3+ Kh8 34. Rc7 a6 35. Re7 Rf8 36. f7 Kg7 37. Rxe5 Bh3 38. Ka3 Bd7 39. Re7 Bf5 40. e4 Bc8 41. e5 1-0

[Event "Benasque op 17th"]
[Site "Benasque"]
[Date "1997.??.??"]
[Round "1"]
[White "Galvao, Henrique Mario Chav"]
[Black "Hernandez Guerrero, Gilberto Eduardo"]
[Result "0-1"]
[WhiteElo "2250"]
[BlackElo "2540"]
[PlyCount "40"]
[EventDate "1997.07.??"]
[EventType "swiss"]
[EventRounds "9"]
[EventCountry "ESP"]
[SourceTitle "EXT 1998"]
[Source "ChessBase"]
[SourceDate "1997.11.17"]
[SourceVersion "1"]
[SourceVersionDate "1997.11.17"]
[SourceQuality "1"]

1. e4 c5 2. c3 d5 3. exd5 Qxd5 4. d4 Nf6 5. Nf3 g6 6. Be2 Bg7 7. c4 Qd8 8. dxc5 Nbd7 9. c6 bxc6 10. 0-0 0-0 11. Nd4 Qc7 12. f4 Bb7 13. Nc3 Rad8 14. Be3 e5 15. fxe5 Nxe5 16. Kh1 c5 17. Ndb5 Qc6 18. Nd5 Nxd5 19. cxd5 Rxd5 20. Qe1 Rd3 0-1